000 00670nam a22001937a 4500
005 20100810112645.0
010 _aENG-99358
020 _a9788190860161
_c75.00
035 _aEN-82890
037 _bDBAD/PUB
082 _a332.10954
100 _aMuneeswaran,K
_99864
245 _aIndian banking system /
_cby K Muneeswaran
260 _aMadurai
_bRadhai Publications
_c2009
270 _aRadhai Publications Shanthinagar
_bMadurai
_e18
300 _a134p
_c19cm(pbk)
942 _2ddc
_cEN
_h332.10954
_mMUN
999 _c40540
_d40540